[Event "LSS SA-2010-0-00146"]
[Site "LSS email"]
[Date "2010.08.16"]
[Round "?"]
[White "Ramponelli, Roberto"]
[Black "Shpilevskaja, Marina"]
[Result "1-0"]
[WhiteElo "2049"]
[BlackElo "1740"]
[PlyCount "21"]
[EventDate "2010.07.24"]
[EventType "tourn (corr)"]
[EventRounds "6"]
[EventCountry "GER"]
[SourceTitle "Corr 2013"]
[Source "ChessBase"]
[SourceDate "2012.11.12"]
[SourceVersion "1"]
[SourceVersionDate "2012.11.12"]
[SourceQuality "1"]

1. e4 d5 2. exd5 Qxd5 3. Nc3 Qe6+ 4. Be2 Qg6 5. Bf3 Nc6 6. Nb5 Nb4 7. Nxc7+ Kd8 8. Nxa8 Nxc2+ 9. Kf1 Nxa1 10. d3 Qa6 11. Be3 1-0

[Event "OP-2010-0-01187"]
[Site "LSS email"]
[Date "2010.06.17"]
[Round "?"]
[White "Van Dosselaer, Mattias"]
[Black "Shpilevskaja, Marina"]
[Result "0-1"]
[WhiteElo "1126"]
[BlackElo "1740"]
[PlyCount "36"]
[EventDate "2010.06.10"]
[EventType "tourn (corr)"]
[EventRounds "4"]
[EventCountry "GER"]
[SourceTitle "Telechess CBM 147"]
[Source "ChessBase"]
[SourceDate "2012.03.16"]
[SourceVersion "1"]
[SourceVersionDate "2012.03.16"]
[SourceQuality "1"]

1. c4 e5 2. Nc3 Nf6 3. Nf3 Nc6 4. e3 d5 5. cxd5 Nxd5 6. Qb3 Ndb4 7. Bb5 Nd3+ 8. Ke2 Nc5 9. Qc4 Be6 10. Bxc6+ bxc6 11. Qh4 Be7 12. Qg3 Bc4+ 13. Ke1 Nd3+ 14. Kd1 0-0 15. Nxe5 Bh4 16. Qg4 Nxf2+ 17. Ke1 Nxg4+ 18. Kd1 Nxe3# 0-1